000 02166nam a2200493Ii 4500
001 DIGRVRT0190
003 NyNyDIG
006 m o d
007 cr |||||||||||
008 221029s2020 sp a o 001 0 spa d
035 _a(OCoLC)1352726243
040 _aDGITA
_beng
_erda
_epn
_cDGITA
020 _a9788429191714
_qe-book
_qpdf
020 _z9788429171280
_qpapel
041 1 _aspa
_heng
050 1 4 _aTP155 ebook
082 0 4 _a660
100 1 _aCoulson, J. M.
_q(John Metcalfe),
_eauthor.
240 1 0 _aChemical engineering.
_lSpanish
_s(Casal Fábrega)
245 1 0 _aIngeniería química.
_nVolumen II, Tomo II,
_pUnidades SI. Operaciones básicas /
_cJ. M. Coulson y J. F. Richardson, con la colaboración de J. R. Backhurst y J. H. Harker ; versión española por el Dr. Joaquín Casal Fábrega.
264 1 _aBarcelona :
_bEditorial Reverté,
_c[2020]
300 _a1 online resource :
_billustrations.
336 _atext
_btxt
_2rdacontent
337 _acomputer
_bc
_2rdamedia
338 _aonline resource
_bcr
_2rdacarrier
347 _atext file
_2rdaft
347 _bPDF
500 _aIncludes index.
500 _a"Versión española de la 3a. edición española"--Cover.
588 0 _aOnline resource; title from ePub title page (Digitalia, viewed October 29, 2022)
650 0 _aChemical engineering.
655 0 _aElectronic books.
700 1 _aRichardson, J. F.
_q(John Francis),
_eauthor.
700 1 _aBackhurst, J. R.,
_econtributor agent of text.
700 1 _aHarker, J. H.
_q(John Hadlett),
_d1937-
_econtributor agent of text.
700 1 _aCasal Fábrega, Joaquín,
_etranslator.
700 1 _iTranslation of:
_aCoulson, J. M.
_q(John Metcalfe).
_tChemical engineering.
791 2 _aDigitalia (Firm),
_edistributor.
793 0 _gDigitalia eBook Collection:
_aEditorial Reverté
776 0 8 _iPrint version:
_aCoulson, J. M. (John Metcalfe).
_sChemical engineering. Spanish (Casal Fábrega).
_tChemical engineering.
_dBarcelona : Editorial Reverté, [1981]
_z9788429171280
856 4 0 _3Digitalia Hispánica
_uhttps://www.digitaliapublishing.com/a/103300/
910 _aPremium collection: 2022
942 _cRAA
999 _c269475
_d269475